| 000 | 00497nam a2200169 4500 | ||
|---|---|---|---|
| 005 | 20260513095836.0 | ||
| 008 | 260513b |||||||| |||| 00| 0 eng d | ||
| 020 | _a9780134892498 | ||
| 082 |
_a658.827 _bLAN-S |
||
| 100 | _aLane Kevin Keller,Swaminthan Vanitha | ||
| 245 |
_aStrategic Brand Management _bBuilding,Measuring,And Managing Brand Equity |
||
| 250 | _a5th Ed | ||
| 260 |
_aUSA _bPearson Education Publishers |
||
| 300 | _a1972p | ||
| 650 | _aManagement Sciences | ||
| 942 | _cBK | ||
| 999 |
_c47603 _d47603 |
||